=LDR 00000nam 2200000 4500 =001 INLIS000000000058468 =005 20210924020839 =035 ##$$a 0010-0921000272 =007 ta =008 210924###########################0#ind## =020 ##$$a 978-623-7177-16-6 =082 ##$$a 899.221 3 =084 ##$$a 899.221 3 Ali p =245 1#$$a Perempuan saudagar pengkang : $b Dari sabuk khatulistiwa /$c Dr. M. Alie Humaedi, M.Ag, M. Hum =300 ##$$a 242 halaman : $b Ilustrasi ; $c 20 cm =650 #4$$a Fiksi Indonesia =264 ##$$a Yogyakarta :$b LKis,$c 2019 =336 ##$$a teks$2 rdacontent =337 ##$$a lain-lain$2 rdamedia =338 ##$$a lain-lain$2 rdacarrier =990 ##$$a 11901190 =990 ##$$a 11901190